000
00301nam a22001337a 4500
008
170821b xxu||||| |||| 00| 0 eng d
020
_a
06768721878
041
_a
eng
080
_a
51
100
_a
37
101
_a
MAT
245
_a
A AHNDBOOK FOR LINEAR REGRESION
_c
MARY
942
_2
udc
_c
BK
999
_c
24378
_d
24378